| 000 | 00787nam a2200217 a 4500 | ||
|---|---|---|---|
| 003 | CBULib | ||
| 005 | 20250714110429.0 | ||
| 008 | 100512s2009 ||||||||||||||||| || u | ||
| 040 |
_aCBULib _bEnglish _cCBULib _erda |
||
| 041 | _aeng | ||
| 050 | _aCBU(058)MT/2014 | ||
| 110 | _aThe Copperbelt University(CBU) | ||
| 245 | 1 | 0 |
_aCopperbelt University medical trust : annual report : submitted to the 22nd annual general meeting : 2014 _c/ by Copperbelt University(CBU) |
| 260 |
_aKitwe : _bCopperbelt University Medical Trust (CBUMT), _c2014. |
||
| 300 | _a32 pages : illustrations | ||
| 336 |
_2rdacontent _aText | _btxt |
||
| 337 |
_2rdamedia _aUnmediated | _bn |
||
| 338 |
_2rdacarrier _aVolume _bnc |
||
| 650 | _aCOPPERBELT UNIVERSITY MEDICAL TRUST--ANNUAL REPORT | ||
| 942 |
_2mc _c030 |
||
| 999 |
_c63623 _d63623 |
||